Macroeconomics (Record no. 5672)

MARC details
005 - DATE AND TIME OF LATEST TRANSACTION
control field 20250627140637.0
020 ## - INTERNATIONAL STANDARD BOOK NUMBER
International Standard Book Number 978-0-07-328148-3
082 ## - DEWEY DECIMAL CLASSIFICATION NUMBER
Classification number 330.9 SLA
100 ## - MAIN ENTRY--PERSONAL NAME
Author name SLAVIN, L . S
245 ## - TITLE STATEMENT
Title Macroeconomics
250 ## - EDITION STATEMENT
Edition statement 8th Ed.
260 ## - PUBLICATION, DISTRIBUTION, ETC.
Place of publication, distribution, etc. Boston
Name of publisher, distributor, etc. McGraw-Hill Irwin
Date of publication, distribution, etc. 2008.
300 ## - PHYSICAL DESCRIPTION
Extent xxi,519p.: ill.; figures, tables
Other physical details Index, Glossary
Dimensions 27cm
942 ## - ADDED ENTRY ELEMENTS (KOHA)
Source of classification or shelving scheme Dewey Decimal Classification
Koha item type Books
Holdings
Date last seen Total checkouts Full call number Barcode Price effective from Koha item type Lost status Source of classification or shelving scheme Damaged status Not for loan Withdrawn status Home library Current library Shelving location Date acquired Source of acquisition
06/27/2025   330.9 SLA MZA0002464 06/27/2025 Books   Dewey Decimal Classification       CBE Mwanza CBE Mwanza General Collection 07/17/2017 Library Budget
06/27/2025   330.9 SLA MZA0002465 06/27/2025 Books   Dewey Decimal Classification       CBE Mwanza CBE Mwanza General Collection 07/17/2017 Library Budget
06/27/2025   330.9 SLA MZA0002466 06/27/2025 Books   Dewey Decimal Classification       CBE Mwanza CBE Mwanza General Collection 07/17/2017 Library Budget